|
|
|
|
| LEADER |
00595nam a22001931a 4500 |
| 020 |
|
|
|a 9788170164746
|c 0.00
|
| 040 |
|
|
|a SSUS - Library - Kalady
|
| 082 |
|
|
|a H1
|b AMR/K
|
| 100 |
|
|
|a Amrita Pritam
|
| 245 |
|
|
|a Khamoshi se pahale
|h [Text]
|
| 260 |
|
|
|a New Delhi
|b Kithabghar
|c 2006
|
| 300 |
|
|
|a 103p.
|
| 600 |
|
|
|a Literature Hindi
|
| 600 |
|
|
|a Literature
|
| 600 |
|
|
|a Poetry Hindi
|
| 852 |
|
|
|h H1
|i AMR/K
|p 058686
|9 100.00
|t 0
|
| 942 |
|
|
|c BK
|
| 999 |
|
|
|c 24158
|d 24158
|
| 952 |
|
|
|0 0
|1 0
|4 0
|6 H_1_000000000000000_AMR_K
|7 0
|9 34608
|a SSUS
|b SSUS
|d 2015-01-08
|g 100.00
|o H1 AMR/K
|p 058686
|r 2015-01-08
|v 0.00
|w 2015-01-08
|y BK
|